000 05237cam a2200409 i 4500
999 _c79394
_d316671
001 874961246
003 OCoLC
005 20210304183846.0
008 140321s2015 njua b 001 0 eng
010 _a2014011379
020 _a9781617116452
_qhardback
_qalk. paper
020 _a1617116459
_qhardback
_qalk. paper
040 _aDNLM/DLC
_beng
_erda
_cDLC
_dYDX
_dBTCTA
_dBDX
_dNLM
_dLTSCA
_dYDXCP
_dMNE
_dVET
_dH9Z
_dUtOrBLW
042 _apcc
050 0 4 _aRM725
_b.C55 2015
060 0 0 _a2015 A-246
060 1 0 _aWB 460
060 4 _aWB 460
_bC641 2015
082 0 0 _a615.82
_223
_bCDC
245 0 0 _aClinical exercise pathophysiology for physical therapy :
_bexamination, testing, and exercise prescription for movement-related disorders /
_ceditor, Debra Coglianese
264 1 _aThorofare, NJ :
_bSlack Incorporated,
_c[2015]
300 _axviii, 589 pages :
_billustrations (some color) ;
_c29 cm
504 _aIncludes bibliographical references and index
505 0 0 _aMachine generated contents note:
_gSection I
_tFoundations of Physiological Responses --
_gch. 1
_tCardiovascular and Pulmonary System /
_rDaniel Malone --
_gch. 2
_tDeveloping Systems: Birth to Adolescence /
_rDavid Chapman --
_gCase Study 2-1
_t(Jill) /
_rJoanell A. Bohmert --
_gCase Study 2-2
_t(Jack) /
_rKathleen Coultes --
_gch. 3
_tSystem Changes in the Aging Adult /
_rAlison L. Squadrito --
_gCase Study 3-1
_t(Ms. Arbor) /
_rAlison L. Squadrito --
_gSection II
_tPathophysiology of Deconditioning and Physiology of Training --
_gch. 4
_tFatigue and Deconditioning /
_rLeeAnne Carrothers --
_gCase Study 4-1
_t(Mr. Biscotti) /
_rKerri Lang --
_gch. 5
_tPrinciples of Training and Exercise Prescription /
_rLeeAnne Carrothers --
_gCase Study 5-1
_t(Mr. Cedar) /
_rLola Sicard Rosenbaum --
_gCase Study 5-2
_t(Ms. Caster) /
_rMary Jane Myslinski --
_gSection III
_tPathophysiological Considerations and Clinical Practice --
_gch. 6
_tIndividuals With Cardiovascular Pump Dysfunction /
_rScot Irwin --
_gCase Study 6-1
_t(Ms. Damask) /
_rScot Irwin --
_gch. 7
_tIndividuals With Peripheral Vascular Disorders /
_rCheryl L. Brunelle --
_gCase Study 7-1
_t(Mr. Eagle) /
_rRobert M. Snow --
_gch. 8
_tIndividuals With Ventilatory Pump Disorders /
_rJane L. Wetzel --
_gCase Study 8-1
_t(Mr. Fortnight) /
_rJane L. Wetzel --
_gch. 9
_tIndividuals With Gas-Exchange Disorders /
_rBrian D. Roy --
_gCase Study 9-1
_t(Ms. Garden) /
_rBrian D. Roy --
_gch. 10
_tIndividuals With Localized Musculoskeletal and Connective Tissue Disorders /
_rDebra Coglianese --
_gCase Study 10-1
_t(Mr. Halo) /
_rDebra Coglianese --
_gch. 11
_tIndividuals With Systemic Musculoskeletal and Connective Tissue Disorders /
_rSusan L. Edmond --
_gCase Study 11-1
_t(Ms. Icon) /
_rSusan L. Edmond --
_gch. 12
_tIndividuals With Motor Control and Motor Function Disorders /
_rLisa Brown --
_gCase Study 12-1
_t(Mr. Julep) /
_rLaura Klassen --
_gCase Study 12-2
_t(Mrs. Jelly) /
_rVanina Dal Bello-Haas --
_gch. 13
_tIndividuals With Multi-System Disorders /
_rMelanie A. Gillar --
_gCase Study 13-1
_t(Dr. Lacrosse) /
_rMelanie A. Gillar --
_gCase Study 13-2
_t(Ms. Ledger) /
_rNancy Gage
520 _a"Clinical Exercise Pathophysiology for Physical Therapy: Examination, Testing, and Exercise Prescription for Movement-Related Disorders is a comprehensive reference created to answer the "why" and the "how" to treat patients with exercise by offering both comprehensive information from the research literature, as well as original patient cases. The chapters present the physiology and pathophysiology for defined patient populations consistent with the American Physical Therapy Association's Guide to Physical Therapy Practice and covers a wide assortment of topics ranging from a review of the cellular metabolic pathways to the discharge summary, with all the connections in between. Patient cases also supplement the chapters and are included throughout to illustrate how understanding the content in each chapter informs physical therapy examination, testing, and treatment. The patient/client management model from the Guide to Physical Therapy Practice defines the structure of the patient cases and the International Classification of Function, Disability, and Health (ICF) model of disablement has been inserted into each patient case. Highlighted "Clinician Comments" appear throughout each patient case to point out the critical thinking considerations. Clinical Exercise Pathophysiology for Physical Therapy: Examination, Testing, and Exercise Prescription for Movement-Related Disorders is a groundbreaking reference for the physical therapy student or clinician looking to understand how physiology and pathophysiology relate to responses to exercise in different patient populations"--Provided by publisher
650 0 _aClinical exercise physiology
_945254
650 0 _aClinical exercise physiology
_vCase studies
_988249
650 0 _aExercise therapy
_988250
650 0 _aExercise therapy
_vCase studies
_988251
650 0 _aMovement disorders
_xPathophysiology
_988252
650 0 _aMovement disorders
_xPathophysiology
_vCase studies
_988253
650 1 2 _aExercise
_xphysiology
_919563
650 1 2 _aPhysical Therapy Modalities
_988254
655 2 _aCase Reports
_988255
700 1 _aCoglianese, Debra,
_d1951-
_eeditor
_988256
942 _2ddc
_cBOOK